000 00662nam a22002177a 4500
003 0
005 20251009100320.0
008 251009b xxu||||| |||| 00| 0 eng d
020 _a978-1-5297-0647-5
050 _aRC 553.A88
_b.C68 2023
100 _aCotterill, Trevor,
_eauthor.
245 _aAutism :
_ba student's guide /
_cTrevor Cotterill.
260 _aLondon :
_bSage Publications Ltd,
_c2023.
300 _a251 pages ;
_c25 cm.
504 _aIncludes bibliographical references and index.
650 _aAutism spectrum disorders.
650 _aAutism in children.
650 _aSpecial education.
650 _aAutism
_xTextbooks.
942 _2lcc
_cBK
999 _c368195
_d368195